Serie A - Teams with the Most 2nd Places - Statistics

General Stats
  • This quiz has been taken 80 times
    46 since last reset
  • The average score is 6 of 6
Answer Stats
# of 2nd Places Teams % Correct
18 AC Milan
100%
14 AS Roma
100%
18 FC Internazionale Milano
100%
22 Juventus FC
100%
8 SSC Napoli
98%
8 Torino FC
78%
No matching quizzes found
Score Distribution
Percent of People with Each Score
Percentile by Number Answered
Your Score History
You have not taken this quiz since the last reset